Quisicosillas : nuevas narraciones anecdóticas /

Kaydedildi:
Detaylı Bibliyografya
Yazar: Rodríguez Marín, Francisco (autor)
Materyal Türü: Kitap
Dil:İspanyolca
Seri Bilgileri:(Biblioteca Patria de Obras Premiadas ; Primera Serie Fuera de Concurso) 68.
Konular:
Etiketler: Etiketle
Etiket eklenmemiş, İlk siz ekleyin!

MARC

LEADER 00000nam^a2200000^a^4500
001 000383037
005 20250526000000.0
009 20260310120810.843
037 |a Acervo Xavier Clavigero 
041 |a ESP 
082 |a 863.  |b ROD 
100 |a Rodríguez Marín, Francisco  |e (autor) 
240 1 1 |a [Quisicosillas] 
245 1 0 |a Quisicosillas :  |b nuevas narraciones anecdóticas /  |c F. Rodríguez Marín. 
264 |a Madrid, España :  |b Biblioteca Patria,  |c fecha no identificada 
300 |a 122, 33 p. ;  |c 17.5 cm. 
336 |a texto  |b txt  |2 rdacontenido 
337 |a sin mediación  |b n  |2 rdamedio 
338 |a volumen  |b nc  |2 rdasoporte 
440 1 |a (Biblioteca Patria de Obras Premiadas ;  |v 68.  |p Primera Serie Fuera de Concurso) 
649 |a XX 
650 |a Crónicas Españolas 
650 |a Prosa Literaria Española 
650 |a Literatura Española -  |y Siglo XX 
910 |a Fondo General 
920 |a Impresos - Libros 
930 |a Libros Antiguos y Raros 
940 |a Literatura 
905 |a 108 
901 |a 059669  |b IT2  |c LRA  |u 20250526 
902 |a https://opac.biblio.iteso.mx/vufind/Record/000383037